| 000 | 00000nam##2200000za#4500 |
| 001 | 9.600969 |
| 003 | CaOODSP |
| 005 | 20210624205837 |
| 007 | cr ||||||||||| |
| 008 | 150406|1999||||xxc|||||o f|0| 0 fre|d |
| 040 | |aCaOODSP|bfre |
| 043 | |an-cn--- |
| 086 | 1 |aNH15-333/1999F-PDF |
| 110 | 2 |aSociété canadienne d'hypothèques et de logement. |
| 245 | 10|aEffet sur l'asthme d'une amélioration du milieu intérieur résidentiel : |h[ressource électronique]|bétude pilote |
| 260 | |aOttawa - Ontario : |bSociété canadienne d'hypothèques et de logement |cJuillet 1998. |
| 300 | |a60p.|btableaux |
| 490 | 1 |aRapport de recherche. Série sur la maison et les collectivités saines |
| 500 | |aLe nº de catalogue (NH15-333/1999F) et l'ISBN (0-660-96242-X) de l'édition imprimée ont été incorrectement copiés dans cette édition électronique. L'édition imprimée publiée dans la collection «Rapport de recherche. Série sur les technologies du bâtiment». |
| 590 | |a11-27-Supp|b2011-11-15 |
| 775 | 08|tThe effect of improving the home environment on asthma : |w(CaOODSP)9.570221 |
| 776 | 0#|tEffet sur l'asthme d'une amélioration du milieu intérieur résidentiel : |w(CaOODSP)9.625132 |
| 830 | #0|aRapport de recherche. Série sur la maison et les collectivités saines.|w(CaOODSP)9.501336 |
| 856 | 40|ahttp://publications.gc.ca|qPDF|s269 Ko|uhttps://publications.gc.ca/collections/collection_2011/schl-cmhc/nh18-1-4/NH15-333-1999-fra.pdf |